1116 1945 1019 1872 1754 1985 1409 1941 1407 1355 1891 1335 1653 1973 1382 1942 1889 1391 1445 1185 1875 1081 1234 1859 1739 1650 1600 1543 1432 1745 1352 1311 1572 1147 1966 1215 1504 1123 1319 1379 1195 1686 1013 1048 1745 1259 1478 1337 1273 1066 1818 1078 1578 1059 1182 1955 1467 1173 1870 1927 1013 1711 1757 1542 1532 1268 1891 1672 1548 1366 1170 1108 1962 1118 1503 1445 1230 1009 1203 1017 1159 1086 1633 1518 1490 1911 1205 1298 1300 1998 1461 1320 1598 1679 1881 1537 1982 1090 1381 BCNSPRNW ULIB Ver.6.0+V

เปลี่ยนเป็นภาษาไทย

Change to English
 แสดงรายละเอียดบรรณานุกรม
  กลับหน้าหลัก

Brief Record : Get Marc (ISO 2709) : E-mail record : QR code < ปิดหน้าต่าง
LEADER : 00000nas 2200000uu 4500
001    13399114641
003     ULIB
008    120425s||||||||th 000 0 tha d
022    ^a08591083
110    ^aสำนักงานป้องกันควบคุมโรคที่ 5 จังหวัดนครราชสีมา
245    ^aวารสารวิชาการสำนักงานป้องกันควบคุมโรคที่ 5 จังหวัดนครราชสีมา /^cสำนักงานป้องกันควบคุมโรคที่ 5 จังหวัดนครราชสีมา
260    ^aนครราชสีมา :^bสำนักงานป้องกันควบคุมโรคที่ 5 จังหวัดนครราชสีมา,^cม.ป.ป.
310    ^aรายสี่เดือน
850    ^aฉบับที่ 1 ตุลาคม 2554-มกราคม 2555 ปีที่ 18
945    ^p0^l0^i800109
999 ^a ใช้งานได้ทุกระบบ
รายการนี้ยังไม่มีแท็ก
คุณยังไม่ได้ล็อกอิน คุณสามารถมีกิจกรรมร่วมกับเว็บไซต์ได้ แต่ต้องล็อกอินก่อน ::
  ล็อกอิน

รายการสื่อสารสนเทศ (วารสาร)

ดูแบบ: กล่อง รายการ
ARRIVED
no call number
สถานที่: ห้องสมุดวิทยาเขตสวรรค์ประชารักษ์ >วารสาร

BibComment


ยังไม่เคยถูกคอมเมนท์

คอมเมนท์ทรัพยากรรายการนี้
  คอมเมนท์: วารสารวิชาการสำน..


 Copyright 2026. Bcnsprnw @Library